000 00865cam a2200229 4500
008 050204n2004 000 0 eng u
020 _a0110507673
035 _a(Sirsi) u128709
041 _aeng
245 4 _aThe Waste and Emissions Trading Act 2003 (Commencement No.3) (England) Order 2004
260 _aLondon
_bHMSO
_c2004
490 _aSI
_v2004: 3192
520 _aBrought s3 into force. View at www.legislation.hmso.gov.uk.
650 _aWASTE AND EMISSIONS TRADING ACT 2003 (COMMENCEMENT NO.3) (ENGLAND) ORDER 2004
650 _aWASTE AND EMISSIONS TRADING ACT 2003
650 _aWASTE DISPOSAL
650 _aLOCAL AUTHORITIES
650 _aLANDFILL
690 _aENVIRONMENTAL AND LAND CONSULTANCY-WASTE MANAGEMENT
856 _uhttps://www.legislation.hmso.gov.uk/si/si2004/20043192.htm
_View the Order on the HMSO website...
942 _n0
999 _c103989
_d103989